सातासमुद्रांवर / आगगाडी (Record no. 297209)

MARC details
000 -LEADER
fixed length control field 00664nam a2200169Ia 4500
008 - FIXED-LENGTH DATA ELEMENTS--GENERAL INFORMATION
fixed length control field 090711s9999 xx 000 0 und d
082 ## - DEWEY DECIMAL CLASSIFICATION NUMBER
Item number 72642
100 ## - MAIN ENTRY--PERSONAL NAME
Personal name जोशी कमल / जोशी प्रभाकर
245 ## - TITLE STATEMENT
Title सातासमुद्रांवर / आगगाडी
260 ## - PUBLICATION, DISTRIBUTION, ETC. (IMPRINT)
Date of publication, distribution, etc 1993
300 ## - PHYSICAL DESCRIPTION
Extent 43+56
600 ## - SUBJECT ADDED ENTRY--PERSONAL NAME
Personal name जोशी कमल / जोशी प्रभाकर
630 ## - SUBJECT ADDED ENTRY--UNIFORM TITLE
Uniform title सातासमुद्रांवर / आगगाडी
700 ## - ADDED ENTRY--PERSONAL NAME
Personal name जोशी कमल / जोशी प्रभाकर
730 ## - ADDED ENTRY--UNIFORM TITLE
Uniform title सातासमुद्रांवर / आगगाडी
942 ## - ADDED ENTRY ELEMENTS (KOHA)
Koha item type Book
Holdings
Withdrawn status Lost status Damaged status Not for loan Home library Current library Date acquired Cost, normal purchase price Total Checkouts Full call number Barcode Date last seen Cost, replacement price Price effective from Koha item type
        Dadar Sarvajanik Vachanalaya, Dardar Dadar Sarvajanik Vachanalaya, Dardar 07/11/2009 80.00   72642 DASAVA-72642 07/11/2009 80.00 07/11/2009 Book